Poverty and Income Distribution in India (City Plans), 2017
| Main Author: | |
|---|---|
| Format: | Unknown |
| Published: |
Juggernaut
|
| LEADER | 00281 a2200085 4500 | ||
|---|---|---|---|
| 020 | |a 9789386228222 | ||
| 100 | |a Abhijit Vinayak Banerjee, Pranab Bardhan, Rohini Somanathan, T.N. Srinivasan | ||
| 245 | |a Poverty and Income Distribution in India (City Plans), 2017 | ||
| 260 | |b Juggernaut | ||
| 999 | |c 41889 |d 41889 | ||